Manual asignatura juvenil para primer año medio: la experiencia de ser joven

Guardat en:
Dades bibliogràfiques
Autor principal: Irrazabal Moya, Raúl (autor)
Altres autors: Oyarzún Chicuy, Astrid A. (autora)
Format: Llibre
Idioma:espanyol
Publicat: Santiago Ministerio de Educación 2006
Col·lecció:Asignatura Juvenil, 1
Matèries:
Etiquetes: Afegir etiqueta
Sense etiquetes, Sigues el primer a etiquetar aquest registre!

MARC

LEADER 00000nam a2200000 a 4500
001 UCJ2030
003 CL-VaPUC
008 061124e20060000CL |||||||||||||||||spa|d
082 0 4 |a 371.83  |b IRR  |2 21 
100 |a Irrazabal Moya, Raúl  |e autor  |9 519730 
700 |a Oyarzún Chicuy, Astrid A.  |e autora  |9 745423 
245 1 0 |a Manual asignatura juvenil para primer año medio: la experiencia de ser joven 
300 |a 52 p 
942 |c BK 
945 |d 20061124 00:00:00  |a cmena 
260 |a Santiago  |b Ministerio de Educación  |c 2006 
650 7 |a PARTICIPACION DEL ALUMNO  |2 CL-VaPUC  |9 339407 
650 0 |a Sociología de la educación   |9 260380 
650 0 |a Integración social  |9 319662 
650 0 |a Juventud  |9 271073 
583 |a last modification  |c 20061124 00:00:00  |k Rodrigo Vera 
490 0 |a Asignatura Juvenil, 1 
999 |c 318447  |d 318445 
952 |0 0  |1 0  |4 0  |6 371_830000000000000_IRR_2006  |7 0  |8 A  |9 396238  |a BIBEDU  |b BIBEDU  |d 2019-11-22  |i 4299256  |o 371.83 IRR 2006  |p 4299256  |r 2019-11-22  |w 2019-11-22  |y BK  |k EBA 
952 |0 0  |1 0  |4 0  |6 371_830000000000000_IRR_2006  |7 0  |8 A  |9 396239  |a BIBEDU  |b BIBEDU  |d 2019-11-22  |i 4328337  |o 371.83 IRR 2006  |p 4328337  |r 2019-11-22  |w 2019-11-22  |y BK  |k EBA